[Event "World Rapid Team 2023"]
[Site "Dusseldorf GER"]
[Date "2023.08.26"]
[Round "1.1"]
[Board "2"]
[White "Vidit, Santosh Gujrathi"]
[Black "Wenninger, Philipp"]
[Result "1-0"]
[WhiteTitle "GM"]
[WhiteElo "2723"]
[BlackElo "2374"]
[WhiteTeam "Freedom"]
[BlackTeam "Heilbronn Hustlers"]
[WhiteFideId "5029465"]
[BlackFideId "4648404"]
[EventDate "2023.08.26"]

1. d4 d5 2. c4 c6 3. Nf3 Nf6 4. Nc3 a6 5. c5 Bg4 6. Ne5 Bf5 7. Qb3 Ra7 8. f3 g6
9. g4 Be6 10. Nd3 Bg7 11. Bf4 O-O 12. e3 Nbd7 13. O-O-O b6 14. cxb6 Qxb6 15.
Qxb6 Nxb6 16. Nc5 Bc8 17. Bb8 Ra8 18. Be5 Bh6 19. Bf4 Bg7 20. N3a4 Nxa4 21. Nxa4
Nd7 22. Be2 a5 23. Kd2 Ba6 24. Bxa6 Rxa6 25. Rc1 e5 26. dxe5 Bxe5 27. Nc5 Nxc5
28. Bxe5 Ne6 29. Bf6 Rb8 30. Rc2 c5 31. h4 d4 32. Rhc1 dxe3+ 33. Kxe3 Nd4 34.
Bxd4 cxd4+ 35. Kxd4 Kg7 36. b3 a4 37. Rb1 axb3 38. axb3 Rb4+ 39. Rc4 Rab6 40.
Rxb4 Rxb4+ 41. Kc5 Rf4 42. b4 Rxf3 43. b5 Rc3+ 44. Kd6 Rd3+ 45. Kc7 Rc3+ 46. Kb8
Rc4 47. b6 f5 48. g5 Rxh4 49. b7 Re4 50. Kc7 Re8 51. Rd1 1-0

[Event "World Rapid Team 2023"]
[Site "Dusseldorf GER"]
[Date "2023.08.26"]
[Round "1.1"]
[Board "3"]
[White "Geshnizjani, Ramin"]
[Black "Rapport, Richard"]
[Result "0-1"]
[BlackTitle "GM"]
[WhiteElo "2141"]
[BlackElo "2752"]
[WhiteTeam "Heilbronn Hustlers"]
[BlackTeam "Freedom"]
[WhiteFideId "24633089"]
[BlackFideId "738590"]
[EventDate "2023.08.26"]

1. e4 e6 2. d4 d5 3. Nd2 Nc6 4. Ngf3 Nf6 5. e5 Nd7 6. Nb3 Be7 7. Bb5 a5 8. a4
Na7 9. Bd3 b6 10. O-O c5 11. c4 Bb7 12. Qe2 O-O 13. Bf4 Re8 14. Rfd1 Nf8 15. Bd2
cxd4 16. Nbxd4 Ng6 17. g3 Nc6 18. Nxc6 Bxc6 19. Nd4 Bb7 20. Bc3 Rc8 21. Rac1 Bg5
22. Rc2 dxc4 23. Bxc4 Nxe5 24. Nc6 Nf3+ 25. Qxf3 Bxc6 26. Rxd8 Bxf3 27. Rxe8+
Rxe8 28. Bf1 Bd1 29. Rd2 Bxd2 30. Bxd2 Bxa4 0-1

[Event "World Rapid Team 2023"]
[Site "Dusseldorf GER"]
[Date "2023.08.26"]
[Round "1.1"]
[Board "4"]
[White "Najer, Evgeniy"]
[Black "Diller, Daniel"]
[Result "1-0"]
[WhiteTitle "GM"]
[WhiteElo "2648"]
[BlackElo "2120"]
[WhiteTeam "Freedom"]
[BlackTeam "Heilbronn Hustlers"]
[WhiteFideId "4118987"]
[BlackFideId "12908983"]
[EventDate "2023.08.26"]

1. e4 e5 2. Nf3 Nc6 3. Bb5 a6 4. Ba4 Nf6 5. O-O Be7 6. Re1 b5 7. Bb3 O-O 8. a4
Bb7 9. d3 d6 10. h3 Na5 11. Ba2 c5 12. Bg5 Nc6 13. Bxf6 Bxf6 14. Bd5 Qd7 15. Nc3
Ne7 16. Bxb7 Qxb7 17. Qd2 g6 18. Ne2 Bg7 19. axb5 axb5 20. b4 Rxa1 21. Rxa1 Ra8
22. Rxa8+ Qxa8 23. bxc5 dxc5 24. Qc3 c4 25. Qb4 cxd3 26. cxd3 Qa1+ 27. Kh2 Qf1
28. Ng3 Nc6 29. Qc5 Qxd3 30. Qxc6 b4 31. Qe8+ Bf8 32. Nxe5 Qb3 33. Nd7 1-0

[Event "World Rapid Team 2023"]
[Site "Dusseldorf GER"]
[Date "2023.08.26"]
[Round "1.1"]
[Board "5"]
[White "Schaefer, Daniel"]
[Black "Rapport, Jovana"]
[Result "0-1"]
[BlackTitle "WGM"]
[WhiteElo "1884"]
[BlackElo "2324"]
[WhiteTeam "Heilbronn Hustlers"]
[BlackTeam "Freedom"]
[WhiteFideId "16235088"]
[BlackFideId "937266"]
[EventDate "2023.08.26"]

1. d4 Nf6 2. c4 d6 3. Nf3 Nbd7 4. Nc3 g6 5. g3 Bg7 6. Bg2 O-O 7. O-O e5 8. e4 h6
9. h3 Nh7 10. Be3 Ng5 11. Nxg5 hxg5 12. Qd2 exd4 13. Bxd4 Ne5 14. b3 c5 15. Be3
g4 16. hxg4 Nxg4 17. Bf4 Bd4 18. Rad1 Qf6 19. Nb5 Qh8 20. Bh6 Bg7 21. f3 Bxh6 0-1

[Event "World Rapid Team 2023"]
[Site "Dusseldorf GER"]
[Date "2023.08.26"]
[Round "1.2"]
[Board "1"]
[White "Yelisieiev, Yevhenii"]
[Black "Nihal, Sarin"]
[Result "1/2-1/2"]
[WhiteTitle "IM"]
[BlackTitle "GM"]
[WhiteElo "2401"]
[BlackElo "2684"]
[WhiteTeam "Deutsche Schachjugend 1"]
[BlackTeam "Team MGD1"]
[WhiteFideId "14139642"]
[BlackFideId "25092340"]
[EventDate "2023.08.26"]

1. d4 Nf6 2. Nf3 d5 3. c4 e6 4. Nc3 Ne4 5. Qc2 Nxc3 6. Qxc3 a5 7. Bd2 Bb4 8. Qc2
Bxd2+ 9. Nxd2 Nc6 10. e3 e5 11. dxe5 Nxe5 12. Qc3 f6 13. cxd5 Qxd5 14. Rd1 Qc6
15. Qxc6+ Nxc6 16. Bb5 Bd7 17. Nb3 Ne5 18. Bxd7+ Nxd7 19. Ke2 Ke7 20. Rd2 c5 21.
Rhd1 Rhd8 22. Rd5 b6 23. f4 a4 24. Nd2 Nf8 25. Nc4 Rxd5 26. Rxd5 Rb8 27. Na3 Ra8
28. Nc4 Rb8 29. Na3 Ra8 30. Nc4 Rb8 1/2-1/2

[Event "World Rapid Team 2023"]
[Site "Dusseldorf GER"]
[Date "2023.08.26"]
[Round "1.2"]
[Board "3"]
[White "Sidletskyi, Ivan"]
[Black "Aditya, Mittal"]
[Result "1/2-1/2"]
[WhiteTitle "CM"]
[BlackTitle "GM"]
[WhiteElo "2354"]
[BlackElo "2577"]
[WhiteTeam "Deutsche Schachjugend 1"]
[BlackTeam "Team MGD1"]
[WhiteFideId "14156024"]
[BlackFideId "35042025"]
[EventDate "2023.08.26"]

1. e4 e5 2. Nf3 Nc6 3. Bc4 Nf6 4. Ng5 d5 5. exd5 Na5 6. Bb5+ c6 7. dxc6 bxc6 8.
Bd3 Nd5 9. Nf3 Bd6 10. O-O Nf4 11. Nc3 Nxd3 12. cxd3 O-O 13. b3 Re8 14. Re1 c5
15. Ba3 Nc6 16. Rc1 Bf8 17. Ne4 Nb4 18. Bxb4 cxb4 19. Nc5 Bf5 20. Nxe5 Rc8 21.
Qf3 g6 22. g4 Bxc5 23. gxf5 Rxe5 24. Rxe5 Bxf2+ 25. Kxf2 Rxc1 26. Qe4 Kg7 27.
Re7 Qd6 28. Qe5+ Qxe5 29. Rxe5 Rc2 30. fxg6 hxg6 31. Ke3 Rxa2 32. Rb5 a5 33. h4
Kf6 34. h5 gxh5 35. Rxh5 Ke6 36. Kd4 a4 37. bxa4 Rxa4 38. Re5+ Kd6 39. Rb5 Ra2 1/2-1/2

[Event "World Rapid Team 2023"]
[Site "Dusseldorf GER"]
[Date "2023.08.26"]
[Round "1.2"]
[Board "4"]
[White "Narayanan, Srinath"]
[Black "Gloeckler, Christian"]
[Result "1-0"]
[WhiteTitle "GM"]
[BlackTitle "FM"]
[WhiteElo "2552"]
[BlackElo "2318"]
[WhiteTeam "Team MGD1"]
[BlackTeam "Deutsche Schachjugend 1"]
[WhiteFideId "5018420"]
[BlackFideId "34608966"]
[EventDate "2023.08.26"]

1. Nf3 d5 2. e3 Nf6 3. c4 e6 4. Nc3 c5 5. cxd5 exd5 6. d4 Nc6 7. Bb5 a6 8. Bxc6+
bxc6 9. O-O Bd6 10. dxc5 Bxc5 11. h3 O-O 12. b3 Bd6 13. Bb2 Bf5 14. Rc1 Rc8 15.
Na4 Ne4 16. Qe2 Bg6 17. Qxa6 Bh5 18. Nd4 Qg5 19. Rxc6 Rxc6 20. Qxc6 Qg6 21. Qxd5
Rd8 22. Qf5 Nd2 23. Qxg6 hxg6 24. Rc1 g5 25. Nb6 Kh7 26. Rc8 Rxc8 27. Nxc8 Bc5
28. f3 Bg6 29. Kf2 f6 30. Ke2 Nb1 31. a4 Be8 32. a5 Bd7 33. Nb6 Be8 34. Nc4 Bd7
35. Kd3 f5 36. Kc2 f4 37. Kxb1 1-0

[Event "World Rapid Team 2023"]
[Site "Dusseldorf GER"]
[Date "2023.08.26"]
[Round "1.2"]
[Board "5"]
[White "Groeschel, Karoline"]
[Black "Mammadzada, Gunay"]
[Result "0-1"]
[BlackTitle "IM"]
[WhiteElo "1934"]
[BlackElo "2448"]
[WhiteTeam "Deutsche Schachjugend 1"]
[BlackTeam "Team MGD1"]
[WhiteFideId "34610537"]
[BlackFideId "13403729"]
[EventDate "2023.08.26"]

1. e4 c5 2. Nf3 d6 3. d4 cxd4 4. Nxd4 Nf6 5. Nc3 a6 6. f3 e5 7. Nb3 Be7 8. Be3
Be6 9. Qd2 h5 10. Nd5 Bxd5 11. exd5 Nbd7 12. c4 a5 13. a4 O-O 14. Be2 h4 15. O-O
Nh5 16. Kh1 b6 17. f4 Nxf4 18. Bxf4 exf4 19. Qxf4 Ne5 20. Nd4 Bg5 21. Qe4 Re8
22. Nf3 Ng6 23. Qc2 Bf6 24. Bd3 Ne5 25. Nxe5 Rxe5 26. Rae1 Qe7 27. Rxe5 Qxe5 28.
b3 Re8 29. Qf2 Kf8 30. Bc2 Qe2 31. h3 Qxf2 32. Rxf2 Re1+ 33. Kh2 Be5+ 0-1

[Event "World Rapid Team 2023"]
[Site "Dusseldorf GER"]
[Date "2023.08.26"]
[Round "1.2"]
[Board "6"]
[White "Peter Anand, A"]
[Black "Andrade, Ruben"]
[Result "1-0"]
[WhiteElo "1949"]
[BlackElo "1797"]
[WhiteTeam "Team MGD1"]
[BlackTeam "Deutsche Schachjugend 1"]
[WhiteFideId "25003801"]
[BlackFideId "16246829"]
[EventDate "2023.08.26"]

1. d4 d5 2. c4 e6 3. Nc3 Nf6 4. Nf3 Be7 5. Bf4 a6 6. e3 O-O 7. c5 Nc6 8. Bd3 b6
9. cxb6 cxb6 10. Rc1 Bb7 11. O-O Rc8 12. Re1 Nb4 13. Bb1 Ne4 14. a3 Nxc3 15.
bxc3 Nc6 16. c4 Bxa3 17. Qd3 f5 18. Qxa3 dxc4 19. Rc2 c3 20. Rxc3 b5 21. Rc5 b4
22. Qa2 Qf6 23. Rec1 Ne7 24. Rxc8 Rxc8 25. Rxc8+ Bxc8 26. Bg5 Qf8 27. Bd3 Nd5
28. Bxa6 b3 29. Qxb3 Bxa6 30. h3 h6 31. Bh4 Qc8 32. Kh2 Bb7 33. Ne5 Nc7 34. Bg3
Bd5 35. Qc3 Qb7 36. Ng6 Ne8 37. f3 Kh7 38. Nf4 Nf6 39. Qc2 g6 40. Qc5 Qd7 41.
Nd3 Bb7 42. Be5 Ng8 43. Qf8 Qe7 44. Qb8 Bd5 45. Nf4 Qf7 46. Kg3 g5 47. Nxd5 exd5
48. Qd8 Ne7 49. Qh8+ Kg6 50. f4 Ng8 51. fxg5 hxg5 52. h4 gxh4+ 53. Qxh4 Nh6 54.
Kf4 Ng4 55. Qg5+ Kh7 56. g3 Nh6 57. Qd8 Kg6 58. Qh4 Kh7 59. Qg5 Ng4 60. Qxf5+
Qxf5+ 61. Kxf5 Nxe3+ 62. Ke6 Kg6 63. Bf4 Nf5 64. Kxd5 Kf7 65. Ke5 Ne7 66. d5 Nc8 1-0

[Event "World Rapid Team 2023"]
[Site "Dusseldorf GER"]
[Date "2023.08.26"]
[Round "1.3"]
[Board "1"]
[White "Vachier-Lagrave, Maxime"]
[Black "Elier, Ali"]
[Result "1-0"]
[WhiteTitle "GM"]
[WhiteElo "2739"]
[BlackElo "2187"]
[WhiteTeam "ASV AlphaEchecs Linz"]
[BlackTeam "Wensing & Poebel"]
[WhiteFideId "623539"]
[BlackFideId "16217543"]
[EventDate "2023.08.26"]

1. Nf3 Nf6 2. g3 d5 3. Bg2 e6 4. O-O Be7 5. d3 O-O 6. Nbd2 c5 7. e4 Nc6 8. Re1
b6 9. e5 Nd7 10. Nf1 f6 11. exf6 Nxf6 12. Bf4 Bd6 13. Bxd6 Qxd6 14. Qe2 Bd7 15.
Ne5 Rae8 16. Nd2 Nd4 17. Qd1 Bc8 18. c3 Nc6 19. Ndf3 Nd7 20. Nxc6 Qxc6 21. d4
Qd6 22. Re3 Nf6 23. Ne5 Nd7 24. Qe2 cxd4 25. cxd4 Nxe5 26. Rxe5 Bd7 27. Bh3 Rf6
28. Qd2 Rc8 29. Rae1 Rc4 30. a3 Qc6 31. R5e2 Qa4 32. Bxe6+ Bxe6 33. Rxe6 Rxd4
34. Re8+ Rf8 35. Rxf8+ Kxf8 36. Qc3 Re4 37. Rc1 Qe8 38. h4 Kg8 39. Rd1 Qe6 40.
h5 h6 41. Kg2 Qe5 42. Qf3 Rd4 43. Rc1 Rc4 44. Rc3 Rxc3 45. bxc3 Qd6 46. g4 a5
47. Qd3 Qe5 48. a4 Kf8 49. Kf3 Ke7 50. Qe3 Qe6 51. Qxe6+ Kxe6 52. Ke3 Kd6 53. f4
Kc5 54. g5 Kd6 55. Kd4 Ke6 56. g6 Kf5 57. Kxd5 Kg4 58. Ke6 b5 59. axb5 a4 60. b6
a3 61. b7 a2 62. b8=Q a1=Q 63. Kf7 Qxc3 64. Qe5 Qd3 65. Kxg7 Kh4 66. Kh7 Qc2 67.
f5 Qd3 68. f6 Qc2 69. f7 Qd3 70. f8=Q Qf3 71. Qff4+ 1-0

[Event "World Rapid Team 2023"]
[Site "Dusseldorf GER"]
[Date "2023.08.26"]
[Round "1.3"]
[Board "3"]
[White "Maghsoodloo, Parham"]
[Black "Kracht, Raphael"]
[Result "1-0"]
[WhiteTitle "GM"]
[WhiteElo "2702"]
[BlackElo "2158"]
[WhiteTeam "ASV AlphaEchecs Linz"]
[BlackTeam "Wensing & Poebel"]
[WhiteFideId "12539929"]
[BlackFideId "16214382"]
[EventDate "2023.08.26"]

1. d4 Nf6 2. c4 e6 3. Nc3 Bb4 4. e3 b6 5. Ne2 Ne4 6. Qc2 Bb7 7. a3 Bxc3+ 8. Nxc3
Nxc3 9. Qxc3 d6 10. b4 a5 11. b5 Nd7 12. a4 O-O 13. Bb2 Qh4 14. c5 Bd5 15. c6
Nf6 16. Qc2 Ne4 17. Bd3 f5 18. O-O Rf6 19. f3 Rh6 20. h3 Ng5 21. Rf2 Nxh3+ 22.
gxh3 Qxh3 23. Rh2 Rg6+ 24. Rg2 Rh6 25. e4 fxe4 26. Bxe4 Bxe4 27. Qxe4 Rf8 28.
Qg4 Qh1+ 29. Kf2 Qh4+ 30. Qxh4 Rxh4 31. Re1 Rf6 32. Reg1 g6 33. Rg4 Rh2+ 34.
R1g2 Rh1 35. f4 Rf5 36. Ke3 Re1+ 37. Re2 Rf1 38. Rf2 Re1+ 39. Kd3 Rd1+ 40. Kc2
Re1 41. Rg5 Rf7 42. d5 exd5 43. f5 Re4 44. Rfg2 Rc4+ 45. Kd2 Rb4 46. Bc3 Rxa4
47. fxg6 Ra2+ 48. Ke3 Re7+ 49. Kd3 Rxg2 50. Rxg2 hxg6 51. Rxg6+ Kf8 52. Rh6 Rf7
53. Bf6 1-0

[Event "World Rapid Team 2023"]
[Site "Dusseldorf GER"]
[Date "2023.08.26"]
[Round "1.3"]
[Board "4"]
[White "Bartelt, Max Peter"]
[Black "Naiditsch, Arkadij"]
[Result "0-1"]
[BlackTitle "GM"]
[WhiteElo "2025"]
[BlackElo "2651"]
[WhiteTeam "Wensing & Poebel"]
[BlackTeam "ASV AlphaEchecs Linz"]
[WhiteFideId "12967289"]
[BlackFideId "4650891"]
[EventDate "2023.08.26"]

1. d4 Nf6 2. Bg5 d5 3. Bxf6 gxf6 4. e3 c5 5. Nc3 Nc6 6. Qh5 e6 7. O-O-O Bd7 8.
f4 cxd4 9. exd4 Bb4 10. Nge2 f5 11. g4 fxg4 12. f5 Rg8 13. h4 Ne7 14. fxe6 Bxe6
15. Nf4 Qd6 16. Nxe6 Qxe6 17. Bb5+ Kf8 18. Rde1 Qg6 19. Qe5 Bd6 20. Qe2 g3 21.
Bd3 Qg4 22. Qg2 Qxd4 23. Rhf1 Rg7 24. Nb5 Qxh4 25. Kb1 Rd8 26. Re6 Qh2 27. Qf3
g2 28. Nxd6 gxf1=Q+ 29. Bxf1 Rxd6 30. Re2 Qh4 31. Rf2 Qe4 32. Qc3 Rc6 33. Qa5 b6
34. Qd2 Re6 35. Re2 Rg1 0-1

[Event "World Rapid Team 2023"]
[Site "Dusseldorf GER"]
[Date "2023.08.26"]
[Round "1.3"]
[Board "5"]
[White "Lagno, Kateryna"]
[Black "Kesselmeier, Kevin"]
[Result "1-0"]
[WhiteTitle "GM"]
[WhiteElo "2552"]
[BlackElo "2011"]
[WhiteTeam "ASV AlphaEchecs Linz"]
[BlackTeam "Wensing & Poebel"]
[WhiteFideId "14109336"]
[BlackFideId "16217551"]
[EventDate "2023.08.26"]

1. e4 c5 2. Nf3 d6 3. Bb5+ Nd7 4. d4 cxd4 5. Nxd4 Nf6 6. O-O e6 7. Re1 Be7 8.
Bf1 O-O 9. c4 a6 10. Nc3 Qc7 11. Be3 b6 12. Rc1 Bb7 13. f3 Rfc8 14. Qd2 Qd8 15.
Qf2 Qf8 16. Red1 Bd8 17. Kh1 Bc7 18. Nb3 Rab8 19. Qd2 Rd8 20. Nd4 Rbc8 21. Bg1
Ne5 22. Na4 d5 23. exd5 exd5 24. c5 b5 25. Nb6 Bxb6 26. cxb6 Nc4 27. Qf2 Qb4 28.
b3 Nd6 29. Qg3 Nde8 30. Nf5 Rxc1 31. Rxc1 Rd7 32. Bc5 Qd2 33. Re1 g6 34. Rxe8+
Nxe8 35. Qe5 gxf5 36. Qxe8+ Kg7 37. Qxd7 1-0

[Event "World Rapid Team 2023"]
[Site "Dusseldorf GER"]
[Date "2023.08.26"]
[Round "1.3"]
[Board "6"]
[White "Moeller, Lisa-Marie"]
[Black "Llari, Marc"]
[Result "0-1"]
[BlackTitle "CM"]
[WhiteElo "1899"]
[BlackElo "2092"]
[WhiteTeam "Wensing & Poebel"]
[BlackTeam "ASV AlphaEchecs Linz"]
[WhiteFideId "12959367"]
[BlackFideId "651044269"]
[EventDate "2023.08.26"]

1. e4 c5 2. Nf3 e6 3. d4 cxd4 4. Nxd4 Nf6 5. f3 Nc6 6. c4 d5 7. cxd5 exd5 8.
Nxc6 bxc6 9. exd5 Nxd5 10. Bd3 Bc5 11. Qe2+ Be6 12. Nc3 O-O 13. Ne4 Bb4+ 14. Bd2
Nf4 0-1

[Event "World Rapid Team 2023"]
[Site "Dusseldorf GER"]
[Date "2023.08.26"]
[Round "1.4"]
[Board "1"]
[White "Fromm, Marius"]
[Black "Sargissian, Gabriel"]
[Result "1/2-1/2"]
[WhiteTitle "FM"]
[BlackTitle "GM"]
[WhiteElo "2458"]
[BlackElo "2692"]
[WhiteTeam "Doppelbauer Kiel"]
[BlackTeam "Armenia"]
[WhiteFideId "12993190"]
[BlackFideId "13300881"]
[EventDate "2023.08.26"]

1. e4 e5 2. Nf3 Nc6 3. Bc4 Nf6 4. d3 Bc5 5. O-O d6 6. c3 a5 7. Re1 O-O 8. h3 Be6
9. Bb5 Ne7 10. d4 Bb6 11. Nbd2 Ng6 12. Nf1 c6 13. Bd3 Nh5 14. Bc2 Nhf4 15. Be3
Bc7 16. Ng3 Re8 17. a4 Nh4 18. Bxf4 exf4 19. Nh5 Ng6 20. Qd2 Bd7 21. Nxf4 Qf6
22. Nh5 Qe7 23. Bb3 h6 24. Nf4 Qf6 25. Nh5 Qe7 26. Re2 Rf8 27. Rae1 Rae8 28. e5
dxe5 29. dxe5 Be6 30. Bxe6 fxe6 31. Re4 Rf5 32. Ng3 Rxf3 33. gxf3 Rf8 34. f4 Qf7
35. f5 exf5 36. e6 Qe7 37. Rd4 Ne5 38. Kg2 c5 39. Rd5 f4 40. Rdxe5 Bxe5 41. Rxe5
fxg3 42. fxg3 Qf6 43. Qe2 Qe7 44. Re3 b6 45. Kh2 Rf6 46. Re4 Rf8 47. h4 Rf6 48.
Kg2 Rf8 49. Qg4 Rf6 50. Re2 Qb7+ 51. Qe4 Qxe4+ 52. Rxe4 Kf8 53. e7+ Ke8 54. g4
Rd6 55. Kf3 Rd2 56. Kf4 Rf2+ 57. Ke5 Kxe7 58. b4 cxb4 59. cxb4 axb4 60. Rxb4 Rf6
61. g5 hxg5 62. hxg5 Rg6 63. Kf5 Rc6 64. Re4+ Kf7 65. Rb4 1/2-1/2

[Event "World Rapid Team 2023"]
[Site "Dusseldorf GER"]
[Date "2023.08.26"]
[Round "1.4"]
[Board "2"]
[White "Martirosyan, Haik M."]
[Black "Arndt, Magnus"]
[Result "1-0"]
[WhiteTitle "GM"]
[BlackTitle "FM"]
[WhiteElo "2683"]
[BlackElo "2405"]
[WhiteTeam "Armenia"]
[BlackTeam "Doppelbauer Kiel"]
[WhiteFideId "13306553"]
[BlackFideId "12998656"]
[EventDate "2023.08.26"]

1. d4 Nf6 2. c4 e6 3. Bg5 h6 4. Bh4 d5 5. cxd5 exd5 6. Nc3 c6 7. e3 g5 8. Bg3
Bf5 9. Bd3 Bxd3 10. Qxd3 Nbd7 11. h3 Qe7 12. Nge2 Bg7 13. Bh2 Ne4 14. Nxe4 dxe4
15. Qb3 Nb6 16. Ng3 O-O 17. Nf5 Qd7 18. g4 Nd5 19. h4 Ne7 20. Nd6 Ng6 21. hxg5
hxg5 22. Qc2 Qxg4 23. Qxe4 Qxe4 24. Nxe4 Rfe8 25. Nd6 Re6 26. O-O-O b6 27. Rhg1
Nh4 28. Rxg5 Nf3 29. Rg2 Rg6 30. Rxg6 fxg6 31. Bg3 Rd8 32. Ne4 Rd5 33. Kc2 Kf7
34. a3 Ke7 35. Bb8 Rd7 36. Rh1 Rb7 37. Bf4 c5 38. Rh3 Ne1+ 39. Kd2 Ng2 40. Bg5+
Ke6 41. Rg3 Kd5 42. Nc3+ Kc4 43. Rxg2 cxd4 44. exd4 Bxd4 45. Rg4 1-0

[Event "World Rapid Team 2023"]
[Site "Dusseldorf GER"]
[Date "2023.08.26"]
[Round "1.4"]
[Board "3"]
[White "Stegert, Jonas"]
[Black "Sargsyan, Shant"]
[Result "0-1"]
[BlackTitle "GM"]
[WhiteElo "1832"]
[BlackElo "2639"]
[WhiteTeam "Doppelbauer Kiel"]
[BlackTeam "Armenia"]
[WhiteFideId "16247965"]
[BlackFideId "13306766"]
[EventDate "2023.08.26"]

1. d4 Nf6 2. Nf3 g6 3. g3 Bg7 4. Bg2 d6 5. O-O O-O 6. Nbd2 Nc6 7. c3 e5 8. dxe5
dxe5 9. e4 a5 10. Qc2 Qe7 11. Nc4 Rd8 12. a4 b6 13. Be3 Ba6 14. b3 Ng4 15. Bc1
h6 16. h3 Nf6 17. Re1 Bxc4 18. bxc4 Qe6 19. Bf1 Bf8 20. Be3 Nb8 21. Red1 Na6 22.
Rxd8 Rxd8 23. Rd1 Rxd1 24. Qxd1 Nxe4 25. Qd8 g5 26. Bd3 Nec5 27. Nxg5 Qd6 28.
Bh7+ Kg7 29. Qc8 hxg5 0-1

[Event "World Rapid Team 2023"]
[Site "Dusseldorf GER"]
[Date "2023.08.26"]
[Round "1.4"]
[Board "4"]
[White "Gharibyan, Mamikon"]
[Black "Vollbehr, Bjarne"]
[Result "1-0"]
[WhiteTitle "IM"]
[WhiteElo "2494"]
[BlackElo "1871"]
[WhiteTeam "Armenia"]
[BlackTeam "Doppelbauer Kiel"]
[WhiteFideId "13308300"]
[BlackFideId "34606025"]
[EventDate "2023.08.26"]

1. d4 Nf6 2. c4 g6 3. Nc3 d5 4. cxd5 Nxd5 5. e4 Nxc3 6. bxc3 Bg7 7. Qa4+ Nd7 8.
Nf3 c5 9. Qa3 Qc7 10. Be2 O-O 11. O-O a6 12. e5 e6 13. Ng5 Rd8 14. Ne4 Bf8 15.
Qb2 b5 16. Bg5 Re8 17. Bf4 Bb7 18. Nd6 Bxd6 19. exd6 Qd8 20. a4 Qf6 21. Be3 cxd4
22. cxd4 e5 23. dxe5 Nxe5 24. Qd4 bxa4 25. Rxa4 Red8 26. Bf4 Nd7 27. Rb1 Bc6 28.
Qxf6 Nxf6 29. Rxa6 Be4 30. Rxa8 Rxa8 31. Rc1 Nd5 32. Bg3 Kg7 33. h4 f5 34. Be5+
Kf7 35. f3 Ke6 36. fxe4 fxe4 37. Bg3 Ra2 38. Bg4+ Kf7 39. d7 Ne3 40. d8=Q Rxg2+
41. Kh1 Rxg3 42. Rc7# 1-0

[Event "World Rapid Team 2023"]
[Site "Dusseldorf GER"]
[Date "2023.08.26"]
[Round "1.4"]
[Board "5"]
[White "Braeutigam, Alexander"]
[Black "Danielian, Elina"]
[Result "1-0"]
[BlackTitle "GM"]
[WhiteElo "1911"]
[BlackElo "2416"]
[WhiteTeam "Doppelbauer Kiel"]
[BlackTeam "Armenia"]
[WhiteFideId "16245210"]
[BlackFideId "13300210"]
[EventDate "2023.08.26"]

1. d4 Nf6 2. c4 e6 3. Nc3 Bb4 4. f3 c5 5. d5 exd5 6. cxd5 O-O 7. e4 d6 8. Bd3
Re8 9. Ne2 Nbd7 10. O-O a6 11. Ng3 Ne5 12. Be2 b5 13. a4 bxa4 14. Rxa4 Ng6 15.
Kh1 Qb6 16. Bb5 Rf8 17. Bc6 Rb8 18. f4 Qc7 19. Qd3 Ne7 20. e5 Nxc6 21. exf6 Nd4
22. fxg7 Re8 23. Nh5 Bf5 1-0

[Event "World Rapid Team 2023"]
[Site "Dusseldorf GER"]
[Date "2023.08.26"]
[Round "1.4"]
[Board "6"]
[White "Atoyan, Alberto"]
[Black "Braeutigam, Katerina"]
[Result "1-0"]
[WhiteElo "1896"]
[BlackElo "1884"]
[WhiteTeam "Armenia"]
[BlackTeam "Doppelbauer Kiel"]
[WhiteFideId "13314831"]
[BlackFideId "16242980"]
[EventDate "2023.08.26"]

1. e4 c6 2. d4 d5 3. Nc3 dxe4 4. Nxe4 Bf5 5. Ng3 Bg6 6. h4 h6 7. Nf3 Nd7 8. h5
Bh7 9. Bd3 Bxd3 10. Qxd3 e6 11. Bd2 Ngf6 12. O-O-O Be7 13. Ne4 Nxe4 14. Qxe4 Nf6
15. Qe2 Qd5 16. c4 Qe4 17. Qxe4 Nxe4 18. Be3 O-O 19. Ne5 Rfd8 20. g4 c5 21. f3
cxd4 22. Rxd4 Ng3 23. Rxd8+ Rxd8 24. Rd1 a6 25. Rxd8+ Bxd8 26. Kd1 f6 27. Nd3 e5
28. Bf2 e4 29. Nc5 Nh1 30. Nxe4 Nxf2+ 31. Nxf2 Kf7 32. Kd2 Ke6 33. Nd3 Be7 34.
Ke3 f5 35. Nf4+ Kf7 36. gxf5 Bg5 37. Ke4 Bf6 38. b4 Bc3 39. Nd5 Bb2 40. a4 Ke8
41. b5 Kd7 42. bxa6 bxa6 43. Nb4 a5 44. Nd3 Bc3 45. Kd5 Bd2 46. c5 Be3 47. c6+
Kc7 48. Nc5 Kc8 49. Ne6 Bc1 50. Nxg7 1-0

[Event "World Rapid Team 2023"]
[Site "Dusseldorf GER"]
[Date "2023.08.26"]
[Round "1.5"]
[Board "1"]
[White "Eljanov, Pavel"]
[Black "Hagner, Bennet"]
[Result "1-0"]
[WhiteTitle "GM"]
[BlackTitle "FM"]
[WhiteElo "2695"]
[BlackElo "2323"]
[WhiteTeam "Ashdod Elit Chess Club"]
[BlackTeam "Mitropa Chess Association"]
[WhiteFideId "14102951"]
[BlackFideId "16224477"]
[EventDate "2023.08.26"]

1. d4 Nf6 2. c4 e6 3. Nc3 Bb4 4. e3 O-O 5. Bd3 d5 6. a3 dxc4 7. Bxc4 Bd6 8. Nf3
Nc6 9. O-O e5 10. d5 Ne7 11. e4 h6 12. h3 a6 13. Be3 Bd7 14. Qc2 Ng6 15. Rfd1
Nh5 16. Bf1 Nhf4 17. Rac1 f5 18. exf5 Bxf5 19. Ne4 Qd7 20. Kh2 Rf7 21. Nfd2 Raf8
22. Qb3 b5 23. Rc6 Nh4 24. Nxd6 cxd6 25. Bxf4 exf4 26. Rxa6 Qe7 27. Nf3 Nxf3+
28. Qxf3 Be4 29. Qg4 Qf6 30. Qe6 1-0

[Event "World Rapid Team 2023"]
[Site "Dusseldorf GER"]
[Date "2023.08.26"]
[Round "1.5"]
[Board "2"]
[White "Perossa, Nicolas"]
[Black "Volokitin, Andrei"]
[Result "0-1"]
[BlackTitle "GM"]
[WhiteElo "2265"]
[BlackElo "2661"]
[WhiteTeam "Mitropa Chess Association"]
[BlackTeam "Ashdod Elit Chess Club"]
[WhiteFideId "2850520"]
[BlackFideId "14107090"]
[EventDate "2023.08.26"]

1. e4 c5 2. Nf3 d6 3. d4 cxd4 4. Nxd4 Nf6 5. Nc3 a6 6. h3 e5 7. Nde2 h5 8. g3
Be7 9. Bg2 b5 10. Be3 Nbd7 11. O-O O-O 12. Nd5 Nxd5 13. exd5 h4 14. f4 hxg3 15.
Nxg3 f5 16. Qh5 exf4 17. Nxf5 Nf6 18. Nh6+ gxh6 19. Qg6+ Kh8 20. Qxh6+ Nh7 21.
Be4 Bf5 22. Rxf4 Bxe4 23. Rxe4 Bg5 24. Bd4+ Bf6 25. Be3 Bxb2 26. Re1 Qf6 27. Qh5
Qf5 28. Qxf5 Rxf5 29. a4 Rg8+ 30. Kh1 Rh5 31. h4 Nf6 32. Rb4 Bc3 0-1